Pokémon - Les attaques de Corvaillus - Statistiques

Statistiques générales
  • Ce quiz a été pris 20 fois
  • Le résultat moyen est 10 sur 14
Statistiques - réponses
Niveaux Types Noms des attaques % Correct
Départ Évolution Acier Ailes d'Acier
100%
Départ Ténèbres Arrogance
89%
Niveau 34 Vol Bec Vrille
89%
Départ Vol Picpic
89%
Niveau 50 Vol Rapace
89%
Départ Normal Groz'Yeux
78%
Départ Acier Mur de Fer
78%
Niveau 16 Vol Picore
78%
Départ Ténèbres Aiguisage
67%
Niveau 22 Ténèbres Provoc
67%
Départ Acier Strido-Son
67%
Niveau 12 Normal Furie
56%
Niveau 28 Normal Grimace
44%
Niveau 42 Normal Vantardise
11%
Aucun quiz correspondant
Distribution des résultats
% des personnes avec chaque résultat
Percentile par nombre de réponses
Votre historique - résultats
Vous n’avez pas pris ce quiz